| 000 | 00555 a2200169 4500 | ||
|---|---|---|---|
| 010 | _aENG-88000 | ||
| 020 |
_a9788190480376 _c695.00 |
||
| 035 | _aEN-71533 | ||
| 037 | _bDBAD / PUB | ||
| 082 | 1 | 4 | _a660.63 |
| 100 | 1 | _aDass Gupta, B. K. | |
| 245 | 1 |
_aIndustrial biochemistry / _cby B. K. Dass Gupta |
|
| 260 |
_aNew Delhi _bSwastik Publishers & Distributors _c2007 |
||
| 270 |
_a31, Gali No.1, A-Block, Pocket-5, CRP Water Tank, Sonia Vihar _bDelhi _e110 094 _cDelhi _k9899462604 |
||
| 300 |
_aviii, 270 p. _c24 cm ( Hb.) |
||
| 942 |
_adpl _cEN _k660.63 / DAS _2ddc |
||
| 999 |
_c7458 _d7458 |
||